000 00917cam a2200289Ma 4500
001 59585
005 20230410105538.0
008 060518s2005 xx b 000 0 eng d
035 _a(OCoLC)ocn123361502
040 _aUBY
_cSTF
020 _a987574039X
020 _a9789875740396
035 _a(OCoLC)123361502
043 _acl-----
050 1 4 _aHC125
_b.S996e 2005
100 1 _aSztulwark, Sebastián.
245 1 0 _aEl estructuralismo latinoamericano :
_bfundamentos y transformaciones del pensamiento economico de la periferia /
_cSebastian Sztulwark.
250 _a1ra ed.
260 _aBuenos Aires :
_bPrometeo Libros,
_c2005.
300 _a155 p. ;
_c20 cm.
504 _aIncludes bibliographical references.
650 0 _aStructural adjustment (Economic policy)
_zLatin America.
651 0 _aLatin America
_xEconomic policy.
942 _2lcc
_cbk
994 _aC0
_bDRFGD
946 _aLspaulino
999 _c38917
_d38917